ბათუმის შოთა რუსთაველის სახელმწიფო უნივერსიტეტის ბიბლიოთეკა

Knack den Code : (ბიბ.ჩანაწერი № 58118)

000 -LEADER
fixed length control field 00667nam a22001937a 4500
005 - DATE AND TIME OF LATEST TRANSACTION
control field 20210618134828.0
008 - FIXED-LENGTH DATA ELEMENTS--GENERAL INFORMATION
fixed length control field 210618s2016 enk||||| |||| 00| 0 eng d
020 ## - INTERNATIONAL STANDARD BOOK NUMBER
International Standard Book Number 9783896420329
041 ## - LANGUAGE CODE
Language code of text/sound track or separate title eng
080 ## - UNIVERSAL DECIMAL CLASSIFICATION NUMBER
Universal Decimal Classification number 368.432 Th-43
100 ## - MAIN ENTRY--PERSONAL NAME
Personal name Theiß-Klee, Heidi
9 (RLIN) 12092
245 ## - TITLE STATEMENT
Title Knack den Code :
Remainder of title und lerne die Brailleschrift kennen /
Statement of responsibility, etc. Heidi Theiß-Klee.
264 ## - PRODUCTION, PUBLICATION, DISTRIBUTION, MANUFACTURE, AND COPYRIGHT NOTICE
Place of production, publication, distribution, manufacture Marburg :
Name of producer, publisher, distributor, manufacturer Blista campus,
Date of production, publication, distribution, manufacture, or copyright notice 2016.
300 ## - PHYSICAL DESCRIPTION
Extent 32 p.
Other physical details 21 cm.
653 ## - INDEX TERM--UNCONTROLLED
keyword ბრაილის შრიფტით წერა
653 ## - INDEX TERM--UNCONTROLLED
keyword Шрифт Брайля
653 ## - INDEX TERM--UNCONTROLLED
keyword უსინათლოთა წერა-კითხვისათვის
942 ## - ADDED ENTRY ELEMENTS (KOHA)
Source of classification or shelving scheme
Koha item type წიგნი
ეგზემპლარები
Withdrawn status Lost status Source of classification or shelving scheme Damaged status Not for loan Permanent Location Current Location Shelving location Date acquired Cost, normal purchase price Full call number Barcode Date last seen Copy number Price effective from Koha item type Public note
          ბათუმის შოთა რუსთაველის სახელმწიფო უნივერსიტეტის მთავარი ბიბლიოთეკა ბათუმის შოთა რუსთაველის სახელმწიფო უნივერსიტეტის მთავარი ბიბლიოთეკა წიგნსაცავი 2021-06-18 60.00 368.432 Th-43 61412 2021-06-18 61412 2021-06-18 წიგნი 60 ლ.